| 000 | 00562nam a22001697a 4500 | ||
|---|---|---|---|
| 005 | 20251108165305.0 | ||
| 008 | 250721s1991 xx 000 0 ara d | ||
| 082 | 1 | 4 | _a958.104/أحم |
| 100 | 1 | _aمنصور، أحمد | |
| 245 | 1 | 0 |
_aمستقبل كابل : _bرؤية تحليلية لواقع الجهاد الأفغاني / |
| 264 | 1 |
_aالمنصورة : _bدار الوفاء للطباعة و النشر و التوزيع، _c1991. |
|
| 300 | _a255ص | ||
| 650 | 1 | 7 | _aأفغانستان |
| 650 | 1 | 7 | _aالتاريخ |
| 942 |
_2ddc _cBK |
||
| 999 |
_c24264 _d24264 |
||